Statistiche per Dove giocava nel 2010-2011? - Quiz n°4

Clicka qui per fare il quiz!

Statistiche generali

  • Questo quiz è stato fatto 23 volte
  • Il punteggio medio è 7 su 10

Statistiche sulle risposte

HintRisposta% Corretto
Alessandro FlorenziRoma
100%
Andrea ConsigliAtalanta
90%
Filip KostićRadnički Kragujevac
90%
Ashley ColeChelsea
85%
Andrej AršavinArsenal
80%
TelloBarcellona B
75%
Felipe AndersonSantos
75%
Marc-André ter StegenBorussia Mönchengladbach
65%
Alessio CerciFiorentina
45%
Roque Santa CruzManchester City
35%

Distribuzione punteggi

Percentile per numero di risposta

Percentuale di utenti per punteggio

I tuoi punteggi nel tempo

Non hai fatto questo quiz